Marketingová komunikácia a rozvoj franchisingovej siete diplomová práca

Uložené v:
Podrobná bibliografia
Hlavný autor: Papajčíková, Sabína
Korporativný autor: Obchodná fakulta EU. Katedra marketingu
Ďalší autori: Drábik, Peter, 1981-
Médium: Kniha
Jazyk:Slovak
Vydavateľské údaje: Bratislava 2013
Tagy: Pridať tag
Žiadne tagy, Buďte prvý, kto otaguje tento záznam!

MARC

LEADER 00000nbm a2200000 4500
001 0169490
005 20161109102307.4
041 0 |a slo 
044 |a SK 
245 1 0 |a Marketingová komunikácia a rozvoj franchisingovej siete  |b diplomová práca  |c Sabína Papajčíková ; školiteľ: Peter Drábik 
264 1 |a Bratislava  |c 2013 
300 |a 82 s. 
100 1 |a Papajčíková, Sabína 
700 1 |a Drábik, Peter, 1981- 
710 2 |a Obchodná fakulta EU. Katedra marketingu